LIBRARY & INFORMATION CENTRE, KCAET, TAVANUR

ONLINE PUBLIC ACCESS CATALOGUE (OPAC)

Engineering fundamentals of internal combustion engine / (Record no. 13218)

MARC details
000 -LEADER
fixed length control field 00351cam a2200133ua 4500
020 ## - INTERNATIONAL STANDARD BOOK NUMBER
ISBN 9788178088853
082 ## - DEWEY DECIMAL CLASSIFICATION NUMBER
Classification number 621.43
Item number PUL/EN
100 ## - MAIN ENTRY--AUTHOR NAME
Personal name Pulkrabek, Willard .
245 ## - TITLE STATEMENT
Title Engineering fundamentals of internal combustion engine /
250 ## - EDITION STATEMENT
Edition statement 2 /
260 ## - PUBLICATION, DISTRIBUTION, ETC. (IMPRINT)
Place of publication Delhi:
Name of publisher Pearson Education Asia ,
Year of publication 2003.
300 ## - PHYSICAL DESCRIPTION
Number of Pages 411 ; .
942 ## - ADDED ENTRY ELEMENTS (KOHA)
Koha item type Books
Holdings
Withdrawn status Lost status Damaged status Home library Current library Date acquired Full call number Accession Number Koha item type Collection code Shelving location Source of acquisition Cost, normal purchase price
      KAUAET KAUAET 07/04/2012 621.43 21739 Books        
      KAUAET KAUAET 07/04/2012 621.43 22213 Books        
      KAUAET KAUAET 31/03/2012 621.43 PUL/EN 23378 Books Non-fiction General Stacks Southern Book Star 225.00
free website counter